Ball Knowledge #8 - Statistics

General Stats
  • This quiz has been taken 63 times
  • The average score is 8 of 15
Answer Stats
Hint Answer % Correct
Former Steelers QB who was the original greatest #12 of all time before Brady Terry Bradshaw
82%
Former Eagles TE who was a Super Bowl Champ with them in 2018 Zach Ertz
78%
Former Jets CB who was known for locking his targets up on an "_____ Island" Darrelle Revis
73%
Former Vikings QB who threw the pass that was the " Minnesota Miracle" Case Keenum
71%
Titans WR who previously suspended for gambling when he was on the Falcons Calvin Ridley
69%
Eagles DB who has a famous TikTok song that is a Micheal Jackson parody to Billie Jean Cooper DeJean
69%
Former Packers HOF Defensive End nicknamed the " Minister of Defense" due to him being an ordained Christian Minister off the field Reggie White
58%
Former Lions QB who famously ran outside the back of the end zone against the Vikings in 2008 Dan Orlovsky
56%
Former Panthers and Packer HOF Defensive End who played both basketball and football at UNC Julius Peppers
56%
Former Bengals WR who the 3rd in the recieving trio in 2023 Tyler Boyd
56%
Former Vikings WR who was the 3rd in the Minneosta WR Trio who had 7 TD's and 655 yds in 2021 KJ Osborn
42%
Former All Pro WR for the Colts who as a 6x Pro Bowler and a Super Bowl Champ with Peyton Manning Reggie Wayne
38%
HOF DE for the Vikings who popularized black face paint was on the All 90's team John Randle
33%
Former Patriots RB from 2017-2020 who's first name is similar to a prehistoric dinosaur Rex Burkhead
31%
Former Chiefs OLB was a First Team All Pro in 2014 for having 22 sacks on the year Justin Houston
22%
No matching quizzes found
Score Distribution
Percent of People with Each Score
Percentile by Number Answered
Your Score History
You have not taken this quiz